Growing Cities in Costa Rica - Statistics

General Stats
  • This quiz has been taken 12 times
  • The average score is 4 of 5
Answer Stats
Population Population Gained City % Correct
1,453,500 123,500 San Jose
100%
87,500 12,000 Puntarenas
80%
196,900 21,500 Alajuela
70%
367,900 37,500 Heredia
70%
232,300 16,500 Cartago
60%
No matching quizzes found
Score Distribution
Percent of People with Each Score
Percentile by Number Answered
Your Score History
You have not taken this quiz